| 000 | 00887nam a22002177a 4500 | ||
|---|---|---|---|
| 999 |
_c62314 _d62314 |
||
| 005 | 20240925134941.0 | ||
| 008 | 240925s2021 enk||||| |||| 00| 0 eng d | ||
| 020 | _a9780323760775x | ||
| 041 | _aeng | ||
| 080 | _a616 S-67 | ||
| 245 |
_aSleisenger and Fordtran's Gastrointestinal and Liver Disease : _cMark Feldman, Lawrence Samuel Friedman, Lawrence J. Brandt. _bVol.2 / |
||
| 250 | _a11th edition | ||
| 264 |
_aPholadelphia : _bElsevier, _c2022. |
||
| 300 |
_a2215 p.: _bill. ; _c29 cm. |
||
| 653 | _aკუჭ-ნაწლავის და ღვიძლის დაავადება | ||
| 653 | _aმედიცინა | ||
| 700 |
_a Feldman, Mark _eრედაქტორი _923273 |
||
| 700 |
_aFriedman, Lawrence Samuel _eრედაქტორი _923274 |
||
| 700 |
_a Brandt, Lawrence J. _eრედაქტორი _923275 |
||
| 942 |
_2udc _cᲬᲘᲒᲜᲘ |
||